LEADER 02482nas 2200781- 450 001 996321177503316 005 20221207001048.0 011 $a1854-9829 035 $a(OCoLC)186385087 035 $a(CKB)1000000000281420 035 $a(CONSER)--2016204000 035 $a(DE-599)ZDB2406488-9 035 $a(MiAaPQ)2026355 035 $a(EXLCZ)991000000000281420 100 $a20080102a20029999 s-- b 101 0 $aeng 135 $aurun||||||||| 181 $ctxt$2rdacontent 182 $cc$2rdamedia 183 $acr$2rdacarrier 200 00$aHacquetia 210 1$aWarsaw, Poland :$cDe Gruyter Open 300 $aRefereed/Peer-reviewed 300 $aPreviously published: Ljubljana : Biolo?ki in?titut Jovana Had?ija ZRC SAZU. 311 $a1581-4661 606 $aPlant communities$zBalkan Peninsula$vPeriodicals 606 $aPlant communities$zSlovenia$vPeriodicals 606 $aPlant communities$vPeriodicals 606 $aBiotic communities$zBalkan Peninsula$vPeriodicals 606 $aBiotic communities$zSlovenia$vPeriodicals 606 $aBiotic communities$vPeriodicals 606 $aPalynology$vPeriodicals 606 $aPlants$vClassification$vPeriodicals 606 $aAnimals$vClassification$vPeriodicals 606 $aPalynologie$vPériodiques 606 $aPlantes$vClassification$vPériodiques 606 $aAnimaux$vClassification$vPériodiques 606 $aAnimals$2fast$3(OCoLC)fst00809468 606 $aBiotic communities$2fast$3(OCoLC)fst00832828 606 $aPalynology$2fast$3(OCoLC)fst01051826 606 $aPlant communities$2fast$3(OCoLC)fst01065339 606 $aPlants$2fast$3(OCoLC)fst01065823 607 $aBalkan Peninsula$2fast 607 $aSlovenia$2fast 608 $aClassification.$2fast 608 $aPeriodicals.$2fast 615 0$aPlant communities 615 0$aPlant communities 615 0$aPlant communities 615 0$aBiotic communities 615 0$aBiotic communities 615 0$aBiotic communities 615 0$aPalynology 615 0$aPlants 615 0$aAnimals 615 6$aPalynologie 615 6$aPlantes 615 6$aAnimaux 615 7$aAnimals. 615 7$aBiotic communities. 615 7$aPalynology. 615 7$aPlant communities. 615 7$aPlants. 712 02$aBiolo?ki in?titut Jovana Had?ija, 906 $aJOURNAL 912 $a996321177503316 996 $aHacquetia$92140099 997 $aUNISA LEADER 03485nam 2200889 450 001 9910797359403321 005 20230807221121.0 010 $a0-520-96309-1 024 7 $a10.1525/9780520963092 035 $a(CKB)3710000000448904 035 $a(EBL)1991889 035 $a(OCoLC)914255698 035 $a(SSID)ssj0001521334 035 $a(PQKBManifestationID)12585489 035 $a(PQKBTitleCode)TC0001521334 035 $a(PQKBWorkID)11532831 035 $a(PQKB)11623388 035 $a(MiAaPQ)EBC1991889 035 $a(DE-B1597)519283 035 $a(DE-B1597)9780520963092 035 $a(Au-PeEL)EBL1991889 035 $a(CaPaEBR)ebr11080233 035 $a(CaONFJC)MIL815137 035 $a(EXLCZ)993710000000448904 100 $a20150729h20152015 uy 0 101 0 $aeng 135 $aurnnu---|u||u 181 $ctxt 182 $cc 183 $acr 200 10$aSidewalking $ecoming to terms with Los Angeles /$fDavid L. Ulin 210 1$aOakland, California :$cUniversity of California Press,$d2015. 210 4$d©2015 215 $a1 online resource (146 p.) 300 $aDescription based upon print version of record. 311 0 $a0-520-27372-9 327 $tFront matter --$tCONTENTS --$tAcknowledgments --$tStreet, Haunting --$tLos Angeles Plays Itself --$tFalling Down --$tSidewalking --$tMapping History --$tMiracle Mile --$tA Walker, in the City --$tABOUT THE AUTHOR 330 $aIn Sidewalking, David L. Ulin offers a compelling inquiry into the evolving landscape of Los Angeles. Part personal narrative, part investigation of the city as both idea and environment, Sidewalking is many things: a discussion of Los Angeles as urban space, a history of the city's built environment, a meditation on the author's relationship to the city, and a rumination on the art of urban walking. Exploring Los Angeles through the soles of his feet, Ulin gets at the experience of its street life, drawing from urban theory, pop culture, and literature. For readers interested in the culture of Los Angeles, this book offers a pointed look beneath the surface in order to see, and engage with, the city on its own terms. 606 $aStreets$zCalifornia$zLos Angeles 606 $aWalking$zCalifornia$zLos Angeles 607 $aLos Angeles (Calif.)$xDescription and travel 610 $abuilt environment. 610 $acalifornia streets. 610 $acalifornia urban landscapes. 610 $acity life. 610 $acity planning. 610 $acrowded cities. 610 $aculture of los angeles. 610 $aexploring los angeles. 610 $ahistory of los angeles. 610 $alos angeles pop culture. 610 $alos angeles street life. 610 $alos angeles urban landscapes. 610 $alos angeles. 610 $apersonal narrative. 610 $aspace and place. 610 $atravel narratives. 610 $aurban geography. 610 $aurban landscapes. 610 $aurban planning. 610 $aurban space. 610 $aurban studies. 610 $aurban theory los angeles. 610 $aurban theory. 610 $aurban walking. 610 $aurbanism. 615 0$aStreets 615 0$aWalking 676 $a917.94/94 700 $aUlin$b David L.$01499454 801 0$bMiAaPQ 801 1$bMiAaPQ 801 2$bMiAaPQ 906 $aBOOK 912 $a9910797359403321 996 $aSidewalking$93725490 997 $aUNINA